| 000 | 00538nam a2200193Ia 4500 | ||
|---|---|---|---|
| 008 | 180523s9999 xx 000 0 und d | ||
| 020 | _a1-57851-236-0 | ||
| 050 | _aMAIN HD 58.6 | ||
| 050 | _b.H37 2000 | ||
| 245 | 0 | _aHarvard business review on negotiation and conflict resolution / | |
| 260 | _aMassachusetts : | ||
| 260 | _bHarvard Business School Press, | ||
| 260 | _c2000 | ||
| 300 | _a228 pages : | ||
| 300 | _c21 cm. | ||
| 500 | _aIncludes index. | ||
| 650 | _aNegotiation in business. | ||
| 650 | _xConflict management. | ||
| 999 |
_c356902 _d356902 |
||